Statistiques concernant Les états des USA les moins peuplés

Cliquez ici pour prendre le quiz!

Statistiques générales

  • Ce quiz a été pris 158 fois
  • Le résultat moyen est 12 sur 15

Statistiques - réponses

Population (M)Etats% Correct
0.760Dakota du Nord
92%
0.882Dakota du Sud
92%
0.737Alaska
86%
1.338Maine
86%
1.057Rhode Island
85%
0.626Vermont
81%
1.062Montana
77%
0.577Wyoming
77%
1.420Hawai
76%
0.967Delaware
74%
1.754Idaho
74%
1.929Nebraska
68%
1.356New Hampshire
68%
2.095Nouveau-Mexique
61%
1.805Virginie Occidentale
56%

Distribution des résultats

Percentile par nombre de réponses

% des personnes avec chaque résultat

Votre développement - résultats

Vous n’avez pas pris ce quiz